| Tag |
First Indicator |
Second Indicator |
Subfields |
| LEADER |
00000cam a2200000 a 4500 |
| 001 |
in00000091983 |
| 005 |
20151008064113.0 |
| 008 |
810729s1980 enka b 00110 eng |
| 010 |
|
|
|a 80040712
|
| 015 |
|
|
|a GB***
|
| 020 |
|
|
|a 0710005156 :
|c 13.50
|
| 035 |
|
|
|a (OCoLC)07090302
|
| 035 |
|
|
|9 AAK3535AM
|
| 039 |
0 |
|
|a 2
|b 3
|c 3
|d 3
|e 3
|
| 040 |
|
|
|a DLC
|c DLC
|d TXA
|d UtOrBLW
|
| 043 |
|
|
|a e-uk-en
|
| 049 |
|
|
|a TXAM
|c [1804586]
|
| 050 |
0 |
0 |
|a PR429.A35
|b N5
|
| 082 |
0 |
|
|a 822/.3/09356
|2 19
|
| 100 |
1 |
|
|a Nicholl, Charles.
|
| 245 |
1 |
4 |
|a The chemical theatre /
|c Charles Nicholl.
|
| 264 |
|
1 |
|a London ;
|a Boston :
|b Routledge & Kegan Paul,
|c 1980.
|
| 300 |
|
|
|a ix, 292 pages :
|b illustrations ;
|c 24 cm.
|
| 336 |
|
|
|a text
|b txt
|2 rdacontent
|
| 337 |
|
|
|a unmediated
|b n
|2 rdamedia
|
| 338 |
|
|
|a volume
|b nc
|2 rdacarrier
|
| 500 |
|
|
|a Includes index.
|
| 504 |
|
|
|a Bibliography: pages 278-284.
|
| 600 |
1 |
0 |
|a Shakespeare, William,
|d 1564-1616
|x Knowledge
|x Occultism.
|
| 600 |
1 |
0 |
|a Shakespeare, William,
|d 1564-1616.
|t King Lear.
|
| 650 |
|
0 |
|a English literature
|y Early modern, 1500-1700
|x History and criticism.
|
| 650 |
|
0 |
|a Alchemy in literature.
|
| 999 |
|
|
|a MARS
|
| 999 |
f |
f |
|s 46c6a7c8-638e-3572-b230-f5f246b1a750
|i 9d8ddbd3-591d-3a7d-a078-679fccfb246e
|t 0
|
| 952 |
f |
f |
|p normal
|a Texas A&M University
|b College Station
|c Sterling C. Evans Library
|d Evans: Library Stacks
|t 0
|e PR429.A35 N5
|h Library of Congress classification
|i unmediated -- volume
|m A14806182695
|
| 998 |
f |
f |
|a PR429.A35 N5
|t 0
|l Evans: Library Stacks
|